The Flying house 2 : (Record no. 116641)
[ view plain ]
| 000 -LEADER | |
|---|---|
| fixed length control field | 00531nam a2200145 a 4500 |
| 005 - DATE AND TIME OF LATEST TRANSACTION | |
| control field | 20140513081058.0 |
| 008 - FIXED-LENGTH DATA ELEMENTS--GENERAL INFORMATION | |
| fixed length control field | 031022s19uu xx 00 eng d |
| 050 ## - LIBRARY OF CONGRESS CALL NUMBER | |
| Classification number | VCD |
| Item number | Fly648 1982 |
| 245 ## - TITLE STATEMENT | |
| Title | The Flying house 2 : |
| Remainder of title | Jesus at the temple; Baptism of Jesus Christ. |
| 260 ## - PUBLICATION, DISTRIBUTION, ETC. (IMPRINT) | |
| Place of publication, distribution, etc | Philippines : |
| Name of publisher, distributor, etc | CBN Asia, |
| Date of publication, distribution, etc | 1982. |
| 440 ## - SERIES STATEMENT/ADDED ENTRY--TITLE | |
| Title | Dreamworks Pictures |
| 520 ## - SUMMARY, ETC. | |
| Summary, etc | Kids who traveled back from the Bible learned about love , kindness and other values in life. |
| 650 ## - SUBJECT ADDED ENTRY--TOPICAL TERM | |
| Topical term or geographic name as entry element | Lost and found in time; voice in wilderness |
| Withdrawn status | Lost status | Damaged status | Home library | Current library | Shelving location | Date acquired | Source of acquisition | Cost, normal purchase price | Total Checkouts | Full call number | Barcode | Date last seen | Price effective from | Koha item type |
|---|---|---|---|---|---|---|---|---|---|---|---|---|---|---|
| Elizalde Library | Elizalde Library | Audio Visual Material Section | 09/09/2009 | 150.00 | VCD Fly648 1982 | E762 | 05/13/2014 | 05/13/2014 | Audio Visual Materials |